[Event "Athens Siaperas Memorial 9th"]
[Site "Athens"]
[Date "2013.02.16"]
[Round "3"]
[White "Sidiropoulos, Leonidas"]
[Black "Michailidis, Dimitrios"]
[Result "1/2-1/2"]
[WhiteElo "1766"]
[BlackElo "1745"]
[PlyCount "61"]
[EventDate "2013.02.09"]
[EventType "swiss"]
[EventRounds "7"]
[EventCountry "GRE"]
[SourceTitle "EXT 2024"]
[Source "ChessBase"]
[SourceDate "2023.10.10"]
[SourceVersion "1"]
[SourceVersionDate "2023.10.10"]
[SourceQuality "1"]

1. d4 Nf6 2. c4 e6 3. Nc3 d5 4. Bf4 Be7 5. e3 0-0 6. h3 c5 7. Nf3 cxd4 8. exd4 Nc6 9. Bd3 a6 10. 0-0 dxc4 11. Bxc4 b5 12. Bb3 Bb7 13. d5 Nxd5 14. Nxd5 exd5 15. Bxd5 Bf6 16. Ne5 Nxe5 17. Bxb7 Ra7 18. Be4 Nc4 19. Qc2 Bxb2 20. Rab1 Qf6 21. Bxh7+ Kh8 22. Be3 Bd4 23. Bxd4 Qxd4 24. Rbd1 Qf6 25. Qf5 Qxf5 26. Bxf5 g6 27. Bc2 Kg7 28. Bb3 Rc8 29. Rd5 Rac7 30. Re1 Kf8 31. Kf1 1/2-1/2

[Event "Ambelokipi op 131th"]
[Site "Athens"]
[Date "2013.01.26"]
[Round "5"]
[White "Dimitriou, Georgios"]
[Black "Michailidis, Dimitrios"]
[Result "1-0"]
[WhiteElo "2106"]
[BlackElo "1746"]
[PlyCount "45"]
[EventDate "2013.01.12"]
[EventType "swiss"]
[EventRounds "7"]
[EventCountry "GRE"]
[SourceTitle "EXT 2024"]
[Source "ChessBase"]
[SourceDate "2023.10.10"]
[SourceVersion "1"]
[SourceVersionDate "2023.10.10"]
[SourceQuality "1"]

1. Nf3 d5 2. c4 c6 3. d4 Nf6 4. Nc3 dxc4 5. a4 Nbd7 6. e4 e6 7. Bxc4 Bb4 8. Qe2 c5 9. 0-0 Qe7 10. e5 Ng8 11. Nb5 Nb6 12. Nd6+ Kf8 13. Ng5 Nh6 14. Nge4 cxd4 15. Bxh6 gxh6 16. Qh5 Rg8 17. Qxh6+ Rg7 18. Nf6 Bxd6 19. Nxh7+ Ke8 20. Bb5+ Nd7 21. Qxg7 Bxe5 22. Qxe5 f6 23. Nxf6+ 1-0

[Event "Athens op 06"]
[Site "Athens"]
[Date "2012.06.06"]
[Round "2"]
[White "Michailidis, Dimitrios"]
[Black "Sienczewski, Zbigniew"]
[Result "1/2-1/2"]
[WhiteElo "1747"]
[BlackElo "2158"]
[PlyCount "103"]
[EventDate "2012.06.02"]
[EventType "swiss"]
[EventRounds "7"]
[EventCountry "GRE"]
[SourceTitle "EXT 2014"]
[Source "ChessBase"]
[SourceDate "2013.11.20"]
[SourceVersion "1"]
[SourceVersionDate "2013.11.20"]
[SourceQuality "1"]

1. e4 d6 2. d4 Nf6 3. Nc3 g6 4. h3 Bg7 5. Nf3 0-0 6. Bc4 Nxe4 7. Nxe4 d5 8. Bd3 dxe4 9. Bxe4 Nd7 10. 0-0 Nf6 11. Bd3 Bf5 12. Bxf5 gxf5 13. c3 Qd5 14. Nd2 Rad8 15. Qf3 Qxf3 16. Nxf3 e6 17. Bg5 h6 18. Bxf6 Bxf6 19. Rfe1 Rd5 20. Re2 Rfd8 21. Rae1 b5 22. Ne5 c5 23. dxc5 Rxc5 24. g3 a5 25. f4 b4 26. cxb4 axb4 27. Kf2 Kg7 28. Re3 Bxe5 29. Rxe5 Rd2+ 30. R5e2 Rxe2+ 31. Rxe2 Ra5 32. b3 Rc5 33. Rd2 f6 34. Rd4 Rc2+ 35. Kf3 Rxa2 36. Rxb4 Rc2 37. h4 Rc3+ 38. Kg2 h5 39. Rb7+ Kg6 40. b4 e5 41. fxe5 fxe5 42. Rb6+ Kg7 43. b5 e4 44. Rc6 Rb3 45. b6 Rb2+ 46. Kf1 Kf7 47. Rd6 Ke7 48. Rh6 Kf7 49. Rc6 Ke7 50. Rh6 Kf7 51. Rc6 Ke7 52. Rh6 1/2-1/2

[Event "Athens op 05"]
[Site "Athens"]
[Date "2012.05.26"]
[Round "7"]
[White "Pramateftakis, Nikolaos"]
[Black "Michailidis, Dimitrios"]
[Result "1-0"]
[WhiteElo "1855"]
[BlackElo "1755"]
[PlyCount "51"]
[EventDate "2012.05.05"]
[EventType "swiss"]
[EventRounds "7"]
[EventCountry "GRE"]
[SourceTitle "EXT 2014"]
[Source "ChessBase"]
[SourceDate "2013.11.20"]
[SourceVersion "1"]
[SourceVersionDate "2013.11.20"]
[SourceQuality "1"]

1. e4 c5 2. Nf3 d6 3. d4 cxd4 4. Nxd4 Nf6 5. Nc3 a6 6. Bc4 e6 7. Bb3 Be7 8. g4 Nc6 9. g5 Ng8 10. Rg1 Bd7 11. Be3 b5 12. h4 Qc7 13. Qe2 Na5 14. f4 Nxb3 15. axb3 Qb7 16. f5 e5 17. Nd5 exd4 18. Bxd4 f6 19. Qh5+ g6 20. fxg6 0-0-0 21. g7 Be8 22. Qxe8 Rxe8 23. gxh8Q fxg5 24. 0-0-0 Nf6 25. Nxe7+ Qxe7 26. Qxf6 1-0

[Event "Athens op 04"]
[Site "Athens"]
[Date "2012.04.07"]
[Round "3"]
[White "Michailidis, Dimitrios"]
[Black "Koerant, Filipos"]
[Result "0-1"]
[WhiteElo "1755"]
[BlackElo "2013"]
[PlyCount "85"]
[EventDate "2012.03.31"]
[EventType "swiss"]
[EventRounds "7"]
[EventCountry "GRE"]
[SourceTitle "EXT 2014"]
[Source "ChessBase"]
[SourceDate "2013.11.20"]
[SourceVersion "1"]
[SourceVersionDate "2013.11.20"]
[SourceQuality "1"]

1. e4 c5 2. Nf3 a6 3. d3 e6 4. g3 b5 5. Bg2 Bb7 6. 0-0 d6 7. Re1 Nf6 8. Nbd2 Be7 9. Nh4 0-0 10. f4 Nc6 11. Nhf3 Qb6 12. c3 Rad8 13. Qe2 c4+ 14. d4 e5 15. Nf1 exd4 16. Nxd4 d5 17. e5 Ne4 18. Be3 Nxd4 19. cxd4 Bb4 20. Rec1 f5 21. a3 Be7 22. Nd2 a5 23. Nxe4 dxe4 24. Kh1 Bd5 25. g4 g6 26. gxf5 gxf5 27. Rg1 Kh8 28. Bh3 Qh6 29. Bg2 Rg8 30. Bd2 Rg4 31. Qe3 Rdg8 32. Raf1 Rg3 33. Qe2 Rxg2 34. Rxg2 e3 35. Rfg1 exd2 36. Qxd2 Rxg2 37. Rxg2 Qg6 38. Kg1 Qxg2+ 39. Qxg2 Bxg2 40. Kxg2 b4 41. axb4 axb4 42. Kf3 c3 43. bxc3 0-1

[Event "Athens Siaperas Memorial 8th"]
[Site "Athens"]
[Date "2012.02.08"]
[Round "2"]
[White "Michailidis, Dimitrios"]
[Black "Ilandzis, Spyridon"]
[Result "0-1"]
[WhiteElo "1758"]
[BlackElo "2106"]
[PlyCount "82"]
[EventDate "2012.02.04"]
[EventType "swiss"]
[EventRounds "7"]
[EventCountry "GRE"]
[SourceTitle "EXT 2014"]
[Source "ChessBase"]
[SourceDate "2013.11.20"]
[SourceVersion "1"]
[SourceVersionDate "2013.11.20"]
[SourceQuality "1"]

1. e4 c5 2. f4 Nc6 3. Nf3 g6 4. Nc3 Bg7 5. Be2 e6 6. 0-0 Nge7 7. d3 Nd4 8. Nxd4 cxd4 9. Nb1 0-0 10. Nd2 d5 11. b3 dxe4 12. Nxe4 b6 13. Bd2 Nd5 14. Rc1 Bb7 15. Bf3 Qe7 16. Nf2 Qa3 17. Bxd5 Bxd5 18. Ra1 Rac8 19. Qc1 Qc5 20. Re1 f5 21. Re2 Qxc2 22. Kf1 Rf7 23. Nh3 h6 24. Kf2 Rfc7 25. Qxc2 Rxc2 26. g3 Rb2 27. Bc1 Rxe2+ 28. Kxe2 Rc2+ 29. Bd2 Bf8 30. Kd1 Rxa2 31. Rb1 a5 32. Nf2 Bb4 33. Bxb4 axb4 34. Ke1 Kf7 35. h3 g5 36. fxg5 hxg5 37. h4 gxh4 38. gxh4 Kg6 39. Rc1 Rb2 40. Rc8 Rxb3 41. Rg8+ Kh7 0-1

[Event "Ambelokipi op 112th"]
[Site "Athens"]
[Date "2011.04.13"]
[Round "2"]
[White "Mitrandzas, Athanasios"]
[Black "Michailidis, Dimitrios"]
[Result "1-0"]
[WhiteElo "2114"]
[BlackElo "1828"]
[PlyCount "104"]
[EventDate "2011.04.09"]
[EventType "swiss"]
[EventRounds "7"]
[EventCountry "GRE"]
[SourceTitle "EXT 2024"]
[Source "ChessBase"]
[SourceDate "2023.10.10"]
[SourceVersion "1"]
[SourceVersionDate "2023.10.10"]
[SourceQuality "1"]

1. c4 e5 2. g3 g6 3. Nc3 Bg7 4. e4 Nf6 5. Bg2 d6 6. d3 0-0 7. Nge2 Bg4 8. 0-0 Nc6 9. f3 Bd7 10. Bg5 Qc8 11. Bxf6 Bxf6 12. Nd5 Bg7 13. b4 Re8 14. Rc1 Ne7 15. Qd2 c6 16. Ndc3 Qd8 17. Rfd1 Be6 18. Kh1 Rf8 19. f4 Kh8 20. b5 Ng8 21. h3 Nf6 22. g4 exf4 23. Nxf4 Ng8 24. bxc6 bxc6 25. Rb1 Rb8 26. Nxe6 fxe6 27. d4 Qh4 28. Rxb8 Rxb8 29. Rf1 Rf8 30. Rxf8 Bxf8 31. e5 d5 32. cxd5 cxd5 33. Nb5 Bh6 34. Qe2 Qg3 35. Nxa7 Qa3 36. Nb5 Qc1+ 37. Qf1 Qb2 38. Nd6 Qxd4 39. Nf7+ Kg7 40. g5 Bxg5 41. Nxg5 Qxe5 42. Qf7+ Kh6 43. Nf3 Qa1+ 44. Kh2 Nf6 45. Qxe6 Nh5 46. Qxd5 Qf6 47. Qd4 Qf7 48. a4 Nf4 49. Ne5 Qf5 50. Ng4+ Kg5 51. Qg7 Qc2 52. Qh6+ Kf5 1-0

[Event "Ambelokipi op 101th"]
[Site "Athens"]
[Date "2009.12.??"]
[Round "1.7"]
[White "Michailidis, Dimitrios"]
[Black "Kourouklis, Efthymios Nektarios"]
[Result "1-0"]
[WhiteElo "1909"]
[BlackElo "1529"]
[PlyCount "89"]
[EventDate "2009.12.??"]
[EventType "swiss"]
[EventCountry "GRE"]
[SourceTitle "EXT 2024"]
[Source "ChessBase"]
[SourceDate "2023.10.10"]
[SourceVersion "1"]
[SourceVersionDate "2023.10.10"]
[SourceQuality "1"]

1. e4 e5 2. Nc3 Nf6 3. g3 d5 4. exd5 Nxd5 5. Bg2 Nxc3 6. bxc3 Bc5 7. Ne2 Nd7 8. 0-0 0-0 9. d4 Bb6 10. Be3 Re8 11. Qd2 Qe7 12. Kh1 c5 13. d5 c4 14. Ng1 Qa3 15. Ne2 Bxe3 16. Qxe3 Rb8 17. Nd4 b5 18. f4 Rb6 19. Nc6 Bb7 20. fxe5 b4 21. Qf4 f6 22. e6 Bxc6 23. dxc6 Ne5 24. cxb4 Qxb4 25. Rad1 Nxc6 26. Qc7 Ne5 27. Rd7 Qf8 28. e7 Nxd7 29. exf8Q+ Nxf8 30. Qxc4+ Ne6 31. Bd5 h6 32. Re1 Kf7 33. Rxe6 Rbxe6 34. Kg2 f5 35. Bxe6+ Rxe6 36. a4 Kf6 37. a5 a6 38. Kf2 g5 39. Qd4+ Kf7 40. c4 Ke7 41. c5 g4 42. Qd5 Re4 43. Qxf5 Rc4 44. Qe5+ Kd7 45. Qd5+ 1-0

[Event "Ambelokipi op 86th"]
[Site "Athens"]
[Date "2008.04.07"]
[Round "1"]
[White "Michailidis, Dimitrios"]
[Black "Sarakenidis, Nikolaos"]
[Result "0-1"]
[WhiteElo "1937"]
[BlackElo "1495"]
[PlyCount "70"]
[EventDate "2008.04.07"]
[EventType "swiss"]
[EventRounds "7"]
[EventCountry "GRE"]
[SourceTitle "EXT 2010"]
[Source "ChessBase"]
[SourceDate "2010.11.25"]
[SourceVersion "1"]
[SourceVersionDate "2010.11.25"]
[SourceQuality "1"]

1. d4 g6 2. c4 Bg7 3. Nc3 d6 4. Nf3 Nc6 5. h3 e5 6. d5 Nce7 7. e4 f5 8. Bd3 Nf6 9. Bg5 h6 10. Bxf6 Bxf6 11. Qe2 a5 12. g3 c6 13. Nd2 0-0 14. Nf3 Qe8 15. 0-0-0 b5 16. Bc2 b4 17. Na4 fxe4 18. Nd2 e3 19. Ne4 Nf5 20. Nxf6+ Rxf6 21. Bxf5 Rxf5 22. Qxe3 g5 23. h4 Rb8 24. b3 cxd5 25. cxd5 Qf7 26. Rh2 Rf3 27. Qd2 Bf5 28. hxg5 Rc8+ 29. Kb2 Rc2+ 30. Qxc2 Bxc2 31. Kxc2 Rxf2+ 32. Rd2 Qf5+ 33. Kc1 Rf1+ 34. Rd1 Rxd1+ 35. Kxd1 Qb1+ 0-1

[Event "Ambelokipi op 85th"]
[Site "Athens"]
[Date "2008.03.12"]
[Round "2"]
[White "Anastasopoulos, Spyros"]
[Black "Michailidis, Dimitrios"]
[Result "1-0"]
[WhiteElo "2173"]
[BlackElo "1929"]
[PlyCount "83"]
[EventDate "2008.03.11"]
[EventType "swiss"]
[EventRounds "7"]
[EventCountry "GRE"]
[SourceTitle "EXT 2010"]
[Source "ChessBase"]
[SourceDate "2010.11.25"]
[SourceVersion "1"]
[SourceVersionDate "2010.11.25"]
[SourceQuality "1"]

1. d4 Nf6 2. c4 c5 3. d5 b5 4. cxb5 a6 5. bxa6 Bxa6 6. Nc3 d6 7. Nf3 g6 8. Nd2 Bg7 9. e4 Bxf1 10. Nxf1 0-0 11. Ne3 Na6 12. 0-0 Nd7 13. Kh1 Nb6 14. f4 Qd7 15. Qe2 Rfb8 16. a4 Nb4 17. a5 Nc8 18. Nc4 Qb7 19. Bd2 Nc2 20. Rac1 Nd4 21. Qf2 Nb3 22. f5 f6 23. fxg6 hxg6 24. Rcd1 Nxa5 25. Nxa5 Rxa5 26. Qg3 e5 27. dxe6 Ne7 28. Nd5 Ra4 29. Qxd6 Nc8 30. Qd8+ Kh7 31. Rf3 Ne7 32. Rh3+ Bh6 33. Rxh6+ Kg7 34. Qxe7+ Qxe7 35. Nxe7 Rd8 36. Rxg6+ Kh7 37. Rh6+ Kg7 38. Nf5+ Kg8 39. e7 Re8 40. Bc3 Rxe4 41. Rxf6 Re2 42. Rf8+ 1-0

[Event "Athens Siaperas Memorial 4th"]
[Site "Athens"]
[Date "2008.02.14"]
[Round "2"]
[White "Michailidis, Dimitrios"]
[Black "Kesoglou, Konstantinos"]
[Result "1-0"]
[WhiteElo "1929"]
[BlackElo "2147"]
[PlyCount "69"]
[EventDate "2008.02.09"]
[EventType "swiss"]
[EventRounds "7"]
[EventCountry "GRE"]
[SourceTitle "EXT 2010"]
[Source "ChessBase"]
[SourceDate "2010.11.25"]
[SourceVersion "1"]
[SourceVersionDate "2010.11.25"]
[SourceQuality "1"]

1. d4 Nf6 2. c4 g6 3. Nc3 Bg7 4. e4 d6 5. Nf3 0-0 6. Bg5 h6 7. Bf4 Nh5 8. Be3 a5 9. Be2 Bd7 10. Rc1 Na6 11. 0-0 Nf6 12. h3 Qe8 13. e5 Nh7 14. Qd2 h5 15. Nh4 e6 16. f4 Qe7 17. Nf3 Bc6 18. a3 Rfd8 19. Qe1 Be8 20. Qg3 b6 21. Ne4 a4 22. Nfg5 Nxg5 23. fxg5 dxe5 24. Nf6+ Kf8 25. dxe5 c5 26. Bxh5 gxh5 27. g6 Rd3 28. Qg5 Qd8 29. Rce1 Ra7 30. Qxh5 Rxe3 31. Rxe3 Qd4 32. Rff3 Bc6 33. Qh7 Bxf3 34. Qg8+ Ke7 35. Qe8# 1-0

[Event "Ambelokipi op 84th"]
[Site "Athens"]
[Date "2008.01.16"]
[Round "2"]
[White "Michailidis, Dimitrios"]
[Black "Delithanasis, Dimitrios"]
[Result "0-1"]
[WhiteElo "1933"]
[BlackElo "2217"]
[PlyCount "72"]
[EventDate "2008.01.12"]
[EventType "swiss"]
[EventRounds "7"]
[EventCountry "GRE"]
[SourceTitle "EXT 2010"]
[Source "ChessBase"]
[SourceDate "2010.11.25"]
[SourceVersion "1"]
[SourceVersionDate "2010.11.25"]
[SourceQuality "1"]

1. e4 g6 2. d4 Bg7 3. Nf3 d6 4. h3 Nd7 5. Nc3 e5 6. d5 a6 7. Be3 f5 8. g3 Ndf6 9. exf5 gxf5 10. Qd2 Qe7 11. 0-0-0 b5 12. Nh4 Qd7 13. Bg2 Bb7 14. Kb1 0-0-0 15. Rhe1 Ne7 16. a3 Rhg8 17. Bg5 Rde8 18. Bxf6 Bxf6 19. Nf3 f4 20. g4 h5 21. Ne4 Nxd5 22. Nxf6 Nxf6 23. g5 Ne4 24. Qa5 Qg7 25. h4 Nxf2 26. Rc1 c5 27. Re2 Ng4 28. Rd1 Qc7 29. Qd2 Ne3 30. Bh3+ Kb8 31. Rxe3 fxe3 32. Qxe3 d5 33. Nd2 e4 34. Rf1 d4 35. Qb3 e3 36. Rf7 c4 0-1

[Event "Ambelokipi op 80th"]
[Site "Athens"]
[Date "2007.09.29"]
[Round "7"]
[White "Michailidis, Dimitrios"]
[Black "Delithanasis, Dimitrios"]
[Result "0-1"]
[WhiteElo "1933"]
[BlackElo "2217"]
[PlyCount "114"]
[EventDate "2007.09.08"]
[EventType "swiss"]
[EventRounds "7"]
[EventCountry "GRE"]
[SourceTitle "EXT 2008"]
[Source "ChessBase"]
[SourceDate "2007.11.25"]
[SourceVersion "1"]
[SourceVersionDate "2007.11.25"]
[SourceQuality "1"]

1. e4 e6 2. d4 d5 3. Nc3 Bb4 4. e5 c5 5. a3 Bxc3+ 6. bxc3 Qa5 7. Bd2 Qa4 8. Nf3 b6 9. Qb1 c4 10. Be2 Nc6 11. 0-0 Nge7 12. Bg5 h6 13. Bxe7 Nxe7 14. Ne1 Bd7 15. Qb4 Qa6 16. a4 Nc6 17. Qa3 0-0-0 18. Nf3 f6 19. Rfe1 f5 20. Nd2 Be8 21. Nf1 g5 22. Nd2 g4 23. f3 h5 24. Nf1 Qb7 25. f4 Qg7 26. Reb1 Qh6 27. Qc1 Ne7 28. a5 b5 29. Kf2 Ng6 30. g3 h4 31. Qa3 hxg3+ 32. hxg3 Rh7 33. Qc5+ Rc7 34. Qa3 Bc6 35. Ke1 Qh1 36. Kd2 Qg1 37. Qc1 Rh8 38. Qe1 Rh3 39. Kc1 Rch7 40. Kb2 Qg2 41. Rd1 Rh1 42. Rd2 Qg1 43. Rad1 R7h3 44. Ra1 a6 45. Rdd1 Qg2 46. Qd2 Qf2 47. Qe1 Qxe1 48. Rxe1 Rg1 49. Rad1 Be8 50. Kc1 Ne7 51. Kd2 Nc6 52. Ra1 Rg2 53. Ke3 Kc7 54. Kd2 b4 55. cxb4 Nxd4 56. Kd1 Rh1 57. Ra2 Nxe2 0-1

[Event "Ambelokipi op 77th"]
[Site "Athens"]
[Date "2007.05.05"]
[Round "7"]
[White "Koerant, Filipos"]
[Black "Michailidis, Dimitrios"]
[Result "1-0"]
[WhiteElo "2107"]
[BlackElo "1972"]
[PlyCount "107"]
[EventDate "2007.04.14"]
[EventType "swiss"]
[EventRounds "7"]
[EventCountry "GRE"]
[SourceTitle "EXT 2008"]
[Source "ChessBase"]
[SourceDate "2007.11.25"]
[SourceVersion "1"]
[SourceVersionDate "2007.11.25"]
[SourceQuality "1"]

1. d4 c5 2. d5 Nf6 3. c4 g6 4. Nc3 d6 5. Nf3 Bg7 6. h3 0-0 7. Bf4 Bf5 8. e3 Na6 9. Bd3 Bxd3 10. Qxd3 Nh5 11. Bh2 Qb6 12. Rb1 Qa5 13. 0-0 Nc7 14. e4 e6 15. dxe6 Nxe6 16. Nd5 Rfd8 17. a3 Nd4 18. g4 Nf6 19. b4 Qa4 20. Nxd4 cxd4 21. Nc7 Rac8 22. Nb5 Qa6 23. Rbc1 Ne8 24. Rfd1 Nc7 25. Nxc7 Rxc7 26. c5 Qxd3 27. Rxd3 Be5 28. f4 Bg7 29. f5 Be5 30. Rcd1 Bxh2+ 31. Kxh2 dxc5 32. bxc5 Rxc5 33. Rxd4 Rxd4 34. Rxd4 gxf5 35. gxf5 Kg7 36. Kg3 Rc3+ 37. Kg4 Rxa3 38. Rd7 b5 39. e5 Re3 40. e6 a5 41. Rxf7+ Kg8 42. Rb7 b4 43. Kg5 h6+ 44. Kf6 b3 45. Kg6 Rg3+ 46. Kxh6 Rxh3+ 47. Kg6 Rg3+ 48. Kf6 a4 49. Rb8+ Kh7 50. Rb7+ Kg8 51. e7 Re3 52. Rb4 a3 53. Rxb3 a2 54. Ra3 1-0